000 00708nam a2200181Ia 4500
008 100917s9999 xx 000 0 und d
082 _b24422
100 _aनिरंतर गं. भा.
245 _aमराठी वाङमयाचा परामर्श (आवृत्ती 2 री)
260 _bव्हीनस प्रकाशन
_c1957
300 _a376
365 _b7
520 _aनिबंध
630 _aमराठी वाङमयाचा परामर्श (आवृत्ती 2 री)
650 _aनिबंध
730 _aमराठी वाङमयाचा परामर्श (आवृत्ती 2 री)
942 _cBOOK
999 _c629816
_d629813